000 00609nam a2200229Ia 4500
005 20260429112102.0
008 260429s9999||||xx |||||||||||||| ||und||
020 _a9788126941384
041 _aEnglish
082 _a915.4042
_bTAV
100 _aTavernier, Jean-Baptiste
245 0 _aTravels in India, Vol. 1 /
_cJean-Baptiste Tavernier
250 _a2nd ed.
260 _aNew Delhi :
_bAtlantic Publishers and Distributors,
_c2025.
300 _axc, 335 p.; hb
440 _vVol. 1
650 _a India
650 _aTravels
700 _a Ball, V.
700 _a Crooke, William
942 _cTB
999 _c52276
_d52276